Statistics for They Shoot Pictures, Don't They? - films 461 to 480

Click here to take the quiz!

General Stats

  • This quiz has been taken 23 times
  • The average score is 7 of 20

Answer Stats

Answer% Correct
Pinocchio
100%
Carrie
89%
To Kill a Mockingbird
83%
Network
67%
High Noon
50%
Phantom Thread
44%
Talk to Her
33%
Koyaanisqatsi
28%
Landscape in the Mist
22%
Raise the Red Lantern
22%
Senso
22%
À nos amours
17%
Dersu Uzala
17%
The Act of Killing
17%
The Dead
17%
The Palm Beach Story
17%
By the Bluest of Seas
11%
Lola
11%
Syndromes and a Century
11%
Zama
11%

Score Distribution

Percentile by Number Answered

Percent of People with Each Score

Your Score History

You have not taken this quiz